The Infrastructure Planning (Environmental Impact Assessment) (Amendment) Regulations 2012 (Record no. 113478)
[ view plain ]
| 000 -LEADER | |
|---|---|
| fixed length control field | 01386cad a22002175a 4500 |
| 001 - CONTROL NUMBER | |
| control field | L155319 |
| 008 - FIXED-LENGTH DATA ELEMENTS--GENERAL INFORMATION | |
| fixed length control field | 120316s2012 xxk f 000 0 eng d |
| 035 ## - SYSTEM CONTROL NUMBER | |
| System control number | (Sirsi) u155319 |
| 041 0# - LANGUAGE CODE | |
| Language code of text/sound track or separate title | eng |
| 110 2# - MAIN ENTRY--CORPORATE NAME | |
| Corporate name or jurisdiction name as entry element | United Kingdom |
| Form subheading | Laws, etc. |
| 9 (RLIN) | 5044 |
| 245 04 - TITLE STATEMENT | |
| Title | The Infrastructure Planning (Environmental Impact Assessment) (Amendment) Regulations 2012 |
| Medium | [electronic resource] |
| 260 ## - PUBLICATION, DISTRIBUTION, ETC. | |
| Place of publication, distribution, etc. | London |
| Name of publisher, distributor, etc. | HM Government |
| Date of publication, distribution, etc. | 2012 |
| 490 #0 - SERIES STATEMENT | |
| Series statement | SI |
| Volume/sequential designation | 2012: 787 |
| 520 ## - SUMMARY, ETC. | |
| Summary, etc. | Comes into force 13 April 2012. These Regulations amend the Infrastructure Planning (Environmental Impact Assessment) Regulations 2009. The main changes include an amendment to clarify that any person may ask the Secretary of State to exercise the power of direction, an amendment so that a person who proposes to make a subsequent application is no longer required to provide an updated environmental statement, a requirement for the reasons for the negative screening decisions to be provided in writing and the removal of unnecessary criminal offences. |
| 590 ## - LOCAL NOTE (RLIN) | |
| Local note | KA NTK |
| 650 24 - SUBJECT ADDED ENTRY--TOPICAL TERM | |
| Topical term or geographic name entry element | The Infrastructure Planning (Environmental Impact Assessment) (Amendment) Regulations 2012 |
| 651 #4 - SUBJECT ADDED ENTRY--GEOGRAPHIC NAME | |
| Geographic name | ENGLAND AND WALES |
| 690 ## - LOCAL SUBJECT ADDED ENTRY--TOPICAL TERM (OCLC, RLIN) | |
| Topical term or geographic name as entry element | Planning and development |
| 9 (RLIN) | 6259 |
| 856 40 - ELECTRONIC LOCATION AND ACCESS | |
| Uniform Resource Identifier | <a href="https://www.legislation.gov.uk/uksi/2012/787/pdfs/uksi_20120787_en.pdf">https://www.legislation.gov.uk/uksi/2012/787/pdfs/uksi_20120787_en.pdf</a> |
| Public note | View the legislation free of charge at www.legislation.gov.uk |
| 942 ## - ADDED ENTRY ELEMENTS (KOHA) | |
| Suppress in OPAC | 0 |
| Withdrawn status | Lost status | Source of classification or shelving scheme | Damaged status | Not for loan | Home library | Current library | Shelving location | Date acquired | Total Checkouts | Full call number | Barcode | Date last seen | Copy number | Price effective from | Koha item type |
|---|---|---|---|---|---|---|---|---|---|---|---|---|---|---|---|
| Dewey Decimal Classification | Virtual | Virtual | Online | 16/03/2012 | ONLINE PUBLICATION | 155319-2001 | 06/08/2019 | 1 | 06/08/2019 | Book |